000
00393nam a22001697a 4500
003
MPLRDC
005
20220104114318.0
008
210129b ||||| |||| 00| 0 eng d
082
_a
857.44 CL c.2
100
_a
陈朗
245
_a
雪月梅
_c
250
_a
一版一刷
260
_a
_b
上海古籍出版社
_c
1987
300
_b
平
650
_a
章回小说
942
_c
BK
_o
857.44 CL c.2
999
_c
6507
_d
6497